Virtuálna a rozšírená realita ako súčasť každodenného digitálneho pôsobenia
Problematika virtuálnej a rozšírenej reality v súčasnosti a jej blízkej budúcnosti. Virtuálna realita a rozšírená realita a nové možnosti v digitálnom marketingu budúcnosti. Virtuálna realita, rozšírená realita a reklamy. Prostredie Metaverse ako nové odvetvie digitálnej doby budúcnosti. Dopad virtu...
Na minha lista:
| Autor principal: | |
|---|---|
| Outros Autores: | |
| Formato: | Capítulo de Livro |
| Idioma: | eslovaco |
| Assuntos: | |
| Tags: |
Sem tags, seja o primeiro a adicionar uma tag!
|
MARC
| LEADER | 00000naa$a2200000$$$4500 | ||
|---|---|---|---|
| 001 | 0289864 | ||
| 005 | 20260325131442.0 | ||
| 041 | 0 | |a slo | |
| 044 | |a SK | ||
| 245 | 1 | 0 | |a Virtuálna a rozšírená realita ako súčasť každodenného digitálneho pôsobenia |c Michael Šášky, Michal Jankovič |
| 520 | |a Problematika virtuálnej a rozšírenej reality v súčasnosti a jej blízkej budúcnosti. Virtuálna realita a rozšírená realita a nové možnosti v digitálnom marketingu budúcnosti. Virtuálna realita, rozšírená realita a reklamy. Prostredie Metaverse ako nové odvetvie digitálnej doby budúcnosti. Dopad virtuálnej reality na populáciu - dotazníkový prieskum. | ||
| 610 | 2 | 0 | |a realita virtuálna |
| 610 | 2 | 0 | |a realita rozšírená |
| 610 | 2 | 0 | |a prostredie virtuálne |
| 610 | 2 | 0 | |a technológie informačné |
| 610 | 2 | 0 | |a analýzy |
| 610 | 2 | 0 | |a správanie spotrebiteľa |
| 610 | 2 | 0 | |a marketing elektronický |
| 610 | 2 | 0 | |a prieskum |
| 100 | 1 | |a Šášky, Michael, 1996- | |
| 700 | 1 | |a Jankovič, Michal, 1993- | |